[Event "Grand Prix CCAS 2010"]
[Site "Cap d'Agde"]
[Date "2010.10.25"]
[Round "3.9"]
[White "Chanoine, Guillaume"]
[Black "Chabanon, Jean-Luc"]
[Result "0-1"]
[WhiteElo "2311"]
[BlackElo "2457"]
[PlyCount "90"]
[EventDate "2010.??.??"]

1. e4 d6 2. d4 g6 3. Nc3 Bg7 4. f4 a6 5. Nf3 b5 6. a3 Bb7 7. Bd3 Nd7 8. e5 c5
9. Be4 Bxe4 10. Nxe4 cxd4 11. Qxd4 dxe5 12. Qb4 Rc8 13. Qb3 Qc7 14. O-O Qxc2
15. Qxc2 Rxc2 16. Nc3 exf4 17. Rd1 Bxc3 18. bxc3 Ngf6 19. a4 O-O 20. axb5 axb5
21. Rb1 Nc5 22. Rxb5 Nce4 23. Nd4 Rd8 24. Re1 Rxc3 25. Ne2 Rcd3 26. Bxf4 Rd1
27. Rb1 Rxe1+ 28. Rxe1 Nh5 29. Bc1 f5 30. h3 Kf7 31. g4 Nhf6 32. Rf1 e6 33. Be3
Rd3 34. Bf4 Rxh3 35. g5 Nd5 36. Ra1 Nxf4 37. Ra7+ Ke8 38. Nxf4 Rh4 39. Nxe6
Rg4+ 40. Kf1 Nxg5 41. Nxg5 Rxg5 42. Rxh7 Rg4 43. Kf2 Re4 44. Kf3 Re7 45. Rh8+
Kf7 0-1

[Event "Grand Prix CCAS 2010"]
[Site "Cap d'Agde"]
[Date "2010.10.25"]
[Round "3.10"]
[White "Colovic, Aleksandar"]
[Black "Lemeaux, David"]
[Result "1/2-1/2"]
[WhiteElo "2455"]
[BlackElo "2223"]
[PlyCount "119"]
[EventDate "2010.??.??"]

1. d4 Nf6 2. c4 e6 3. Nc3 Bb4 4. Nf3 b6 5. Bg5 h6 6. Bh4 Bb7 7. Qc2 g5 8. Bg3
Ne4 9. e3 Bxc3+ 10. bxc3 d6 11. Bd3 f5 12. d5 exd5 13. cxd5 Bxd5 14. Nd4 Qf6
15. O-O Nd7 16. f3 Nxg3 17. hxg3 O-O-O 18. Bxf5 Kb8 19. e4 Bb7 20. Bxd7 Rxd7
21. Qa4 Rdh7 22. Ne2 h5 23. Qd4 Qe6 24. Kf2 h4 25. g4 h3 26. Rh1 Qg8 27. a3 Ba6
28. Ng3 hxg2 29. Rxh7 Qxh7 30. Nh5 Bf1 31. Rd1 Rf8 32. Re1 Qf7 33. Re3 Qa2+ 34.
Kg1 Qxa3 {#} 35. Nf6 Rf7 36. e5 Qc5 37. Ne4 Rh7 38. Ng3 dxe5 39. Qxc5 bxc5 40.
Nxf1 gxf1=Q+ 41. Kxf1 Re7 42. Ke2 c4 43. Re4 Kb7 44. Rxc4 a5 45. Ra4 Kb6 46.
Ke3 Kb5 47. Ra1 Rf7 48. Rb1+ Ka6 49. Rb8 c6 50. Ke4 a4 51. Kxe5 Rxf3 52. c4 Rf7
53. Kd4 Rf4+ 54. Kc5 Rxg4 55. Rb4 Rf4 56. Kxc6 Rf6+ 57. Kc7 Rf7+ 58. Kc6 Ka5
59. Rb5+ Ka6 60. Rb4 1/2-1/2

[Event "Grand Prix CCAS 2010"]
[Site "Cap d'Agde"]
[Date "2010.10.26"]
[Round "4.1"]
[White "Delorme, Axel"]
[Black "Palac, Mladen"]
[Result "1/2-1/2"]
[WhiteElo "2475"]
[BlackElo "2561"]
[PlyCount "28"]
[EventDate "2010.??.??"]

1. d4 Nf6 2. c4 e6 3. Nf3 d5 4. Nc3 Bb4 5. cxd5 exd5 6. Qa4+ Nc6 7. Bg5 h6 8.
Bxf6 Qxf6 9. e3 O-O 10. Be2 Be6 11. a3 Bd6 12. Nb5 Bf5 13. O-O Ne7 14. Rac1 c6
1/2-1/2

[Event "Grand Prix CCAS 2010"]
[Site "Cap d'Agde"]
[Date "2010.10.26"]
[Round "4.2"]
[White "Chabanon, Jean-Luc"]
[Black "Bogner, Sebastian"]
[Result "1/2-1/2"]
[WhiteElo "2457"]
[BlackElo "2549"]
[PlyCount "88"]
[EventDate "2010.??.??"]

1. d4 d5 2. c4 c6 3. cxd5 cxd5 4. Nc3 Nf6 5. Bf4 Nc6 6. e3 a6 7. Rc1 Bg4 8. f3
Bd7 9. Bd3 e6 10. Bg5 Be7 11. f4 h6 12. Bxf6 Bxf6 13. Nf3 g5 14. g3 h5 15. h4
g4 16. Ne5 Be7 17. O-O f5 18. Nxd7 Qxd7 19. Na4 Rb8 20. Nc5 Bxc5 21. Rxc5 Kf7
22. Qa4 Rhc8 23. Rfc1 Ke8 24. b4 Na7 25. Qa3 Rxc5 26. bxc5 Qc7 27. Rb1 Kf7 28.
Rb3 Re8 29. Qb2 Re7 30. Kf2 Nc8 31. Ke2 Ke8 32. Kd1 Kd8 33. Rb4 Na7 34. a4 a5
35. Rb6 Nc6 36. Qb5 Kc8 37. Be2 Kd8 38. Kd2 Kc8 39. Bd3 Kd8 40. Be2 Kc8 41. Bd3
Kd8 42. Qb1 Kc8 43. Qb5 Kd8 44. Qb1 Kc8 1/2-1/2

[Event "Grand Prix CCAS 2010"]
[Site "Cap d'Agde"]
[Date "2010.10.26"]
[Round "4.3"]
[White "Piscopo, Pierluigi"]
[Black "Prie, Eric"]
[Result "1/2-1/2"]
[WhiteElo "2424"]
[BlackElo "2526"]
[PlyCount "65"]
[EventDate "2010.??.??"]

1. e4 c6 2. d4 d5 3. exd5 cxd5 4. Bf4 Nc6 5. c3 Bf5 6. Qb3 Qd7 7. Nf3 f6 8. Be2
g5 9. Bg3 h5 10. h4 g4 11. Nfd2 e5 12. O-O Nge7 13. Qd1 Bg7 14. Nb3 b6 15. c4
O-O 16. Nc3 Rad8 {#} 17. cxd5 Nxd5 18. Nxd5 Qxd5 19. Rc1 Kh8 20. dxe5 Qe6 21.
Bc4 Qe8 22. Qe2 Nxe5 23. Rfd1 Nd3 24. Bxd3 Rxd3 25. Qxe8 Rxe8 26. Rxd3 Bxd3 27.
Rc7 a5 28. Rd7 Bc4 29. Nd4 Re1+ 30. Kh2 Rd1 31. Bc7 Rd2 32. Bxb6 Rxb2 33. Nf5
1/2-1/2

[Event "Grand Prix CCAS 2010"]
[Site "Cap d'Agde"]
[Date "2010.10.26"]
[Round "4.4"]
[White "David, Vincent"]
[Black "Libiszewski, Fabien"]
[Result "1/2-1/2"]
[WhiteElo "2421"]
[BlackElo "2498"]
[PlyCount "28"]
[EventDate "2010.??.??"]

1. d4 Nf6 2. c4 g6 3. Nf3 Bg7 4. g3 O-O 5. Bg2 d6 6. O-O c5 7. Nc3 Nc6 8. d5
Na5 9. Nd2 e5 10. a3 b6 11. b4 Nb7 12. Bb2 Ng4 13. h3 Nh6 14. e3 Bd7 1/2-1/2

[Event "Grand Prix CCAS 2010"]
[Site "Cap d'Agde"]
[Date "2010.10.26"]
[Round "4.5"]
[White "Inkiov, Ventzislav"]
[Black "Philippe, Christophe"]
[Result "1-0"]
[WhiteElo "2485"]
[BlackElo "2417"]
[PlyCount "101"]
[EventDate "2010.??.??"]

1. d4 Nf6 2. c4 c5 3. d5 b5 4. cxb5 a6 5. e3 e6 6. Nc3 Bb7 7. e4 exd5 8. exd5
Bd6 9. Nf3 O-O 10. Be2 axb5 11. Nxb5 Qb6 12. Nc3 Na6 13. O-O Rfe8 14. b3 Qb4
15. Nb5 Be5 16. Nxe5 Rxe5 17. Bc4 Rxd5 18. Bxd5 Bxd5 19. Nd6 Nc7 20. Bg5 Ne4
21. a3 Qd4 22. Qxd4 cxd4 23. Nxe4 Bxe4 24. Rfc1 Ne6 25. Bd2 f5 26. b4 Bc6 27.
a4 Rxa4 28. Rxa4 Bxa4 29. Rc8+ Kf7 30. f3 Bc6 31. Kf2 Ke7 32. h4 Kd6 33. h5 h6
34. Rb8 Kc7 35. Re8 Kb6 36. f4 Kb5 37. g4 Kc4 38. gxf5 Nc7 {#} 39. f6 gxf6 40.
Rh8 Kd3 41. Ke1 Nb5 42. Rxh6 Na3 43. Rxf6 Nc2+ 44. Kd1 Bf3+ 45. Kc1 Bxh5 46. b5
Na1 47. Kb2 Kxd2 48. Rh6 Bf3 49. f5 Nb3 50. Kxb3 d3 51. Rd6 1-0

[Event "Grand Prix CCAS 2010"]
[Site "Cap d'Agde"]
[Date "2010.10.26"]
[Round "4.6"]
[White "Kosten, Anthony C"]
[Black "Debray, Christopher"]
[Result "1-0"]
[WhiteElo "2513"]
[BlackElo "2361"]
[PlyCount "51"]
[EventDate "2010.??.??"]

1. c4 c5 2. Nc3 Nc6 3. g3 g6 4. Bg2 Bg7 5. Nf3 d6 6. O-O e5 7. a3 Nge7 {#} 8.
b4 cxb4 9. axb4 Nxb4 10. Ba3 Nbc6 11. Ne4 O-O 12. Nxd6 a6 13. d3 Qc7 14. Rb1
Rd8 15. c5 Nf5 16. Ng5 Rd7 17. Bh3 h6 18. Nge4 Qa5 19. Nc4 Qd8 20. Nb6 Rb8 21.
Nxd7 Bxd7 22. Bg2 Bf8 23. Bb2 Be6 24. e3 f6 25. Bc3 Kg7 26. Qc2 1-0

[Event "Grand Prix CCAS 2010"]
[Site "Cap d'Agde"]
[Date "2010.10.26"]
[Round "4.7"]
[White "Tregubov, Pavel V"]
[Black "Toulzac, Pierre-Yves"]
[Result "1/2-1/2"]
[WhiteElo "2598"]
[BlackElo "2255"]
[PlyCount "105"]
[EventDate "2010.??.??"]

1. d4 Nf6 2. Nf3 e6 3. c4 c5 4. d5 exd5 5. cxd5 Bd6 6. g3 O-O 7. Bg2 Bc7 8. O-O
d6 9. a3 Re8 10. b4 Nbd7 11. Nc3 a5 12. b5 a4 13. Bb2 Nb6 14. Qd3 Bg4 15. Nh4
Nfd7 16. f4 c4 17. Qd4 f6 18. Rae1 Nc5 19. f5 Bh5 20. g4 Bf7 21. g5 fxg5 {#}
22. Nd1 Re5 23. Nf3 Nxd5 24. Nxe5 dxe5 25. Qxc4 Nf4 26. Qc3 Nxg2 27. Kxg2 Bd5+
28. Kg1 Ne4 29. Qd3 Nc5 30. Qh3 Bb6 31. Nf2 Ne4 32. e3 Nd2 33. Ng4 Nxf1 34.
Qxf1 Rc8 35. Qd3 Bc4 36. Qc3 Qc7 37. Qxe5 Qxe5 38. Nxe5 Bxb5 39. Bd4 Ba5 40.
Rb1 Ba6 41. Kf2 Rc2+ 42. Kf3 b5 43. h3 Bc7 44. Rb2 Bb7+ 45. e4 Rxb2 46. Bxb2
Bxe5 47. Bxe5 h5 48. Bg3 g6 49. fxg6 Kg7 50. h4 g4+ 51. Kf4 Kxg6 52. Be1 Kf6
53. Bc3+ 1/2-1/2

[Event "Grand Prix CCAS 2010"]
[Site "Cap d'Agde"]
[Date "2010.10.26"]
[Round "4.8"]
[White "Duquesnoy, Jean-Philippe"]
[Black "Colovic, Aleksandar"]
[Result "0-1"]
[WhiteElo "2188"]
[BlackElo "2455"]
[PlyCount "104"]
[EventDate "2010.??.??"]

1. d4 Nf6 2. c4 e6 3. g3 c5 4. d5 exd5 5. cxd5 d6 6. Nc3 g6 7. Bg2 Bg7 8. Nf3
O-O 9. O-O Na6 10. h3 Re8 11. Nd2 Nc7 12. a4 b6 13. e4 Nd7 14. Nc4 Ne5 15. Na3
Ba6 16. Ncb5 Bxb5 17. axb5 a6 18. f4 Nd7 19. e5 {#} Nxb5 20. Nxb5 axb5 21. Rxa8
Qxa8 22. e6 Bd4+ 23. Kh2 Nf6 24. f5 gxf5 25. Rxf5 fxe6 26. dxe6 Qa1 27. Qd2 Kh8
28. Qh6 Ng8 29. Qg5 Rxe6 30. Qf4 Bxb2 31. Be3 Rxe3 32. Rf8 Bg7 33. Rxg8+ Kxg8
34. Qxe3 Qe5 35. Qb3+ c4 36. Qf3 c3 37. Qa8+ Bf8 38. Qb7 Be7 39. Qxb6 c2 40.
Qc6 Bh4 41. Bd5+ Kg7 42. Qxc2 Qxg3+ 43. Kh1 Qxh3+ 44. Kg1 Qe3+ 45. Kh1 Bf6 46.
Qc7+ Qe7 47. Qc6 b4 48. Qa8 Bd4 49. Qg8+ Kh6 50. Qg3 Qe5 51. Qb3 Qh5+ 52. Kg2
Qe2+ 0-1

[Event "Grand Prix CCAS 2010"]
[Site "Cap d'Agde"]
[Date "2010.10.26"]
[Round "4.9"]
[White "Petrossian, Armen"]
[Black "Lavabre, Fabien"]
[Result "1-0"]
[WhiteElo "2442"]
[BlackElo "2226"]
[PlyCount "61"]
[EventDate "2010.??.??"]

1. e4 c5 2. Nf3 d6 3. Bb5+ Nc6 4. O-O Bd7 5. Re1 Nf6 6. c3 a6 7. Bf1 Bg4 8. d4
cxd4 9. cxd4 Bxf3 10. gxf3 e5 11. d5 Nb8 12. Qb3 Qc7 13. Be3 Nbd7 14. Rc1 Qb8
15. a4 Be7 16. Nd2 O-O 17. a5 h6 18. Bh3 Rc8 19. Nc4 Bd8 20. Qa3 Be7 21. Rc3
Rc7 22. Bb6 Rc8 23. Rac1 Re8 24. Be3 Kh7 25. Nb6 Nxb6 26. axb6 Nh5 27. Qa4 Bg5
28. Rc8 Qxc8 29. Rxc8 Raxc8 30. Bxc8 Rxc8 31. Qd7 1-0

[Event "Grand Prix CCAS 2010"]
[Site "Cap d'Agde"]
[Date "2010.10.26"]
[Round "4.10"]
[White "Lemeaux, David"]
[Black "Karim, Ismael"]
[Result "1-0"]
[WhiteElo "2223"]
[BlackElo "2360"]
[PlyCount "107"]
[EventDate "2010.??.??"]

1. d4 d6 2. Nf3 g6 3. g3 Nf6 4. Bg2 Bg7 5. O-O O-O 6. c4 Nbd7 7. Nc3 e5 8. e4
c6 9. h3 Qa5 10. Be3 Nb6 11. Qd3 exd4 12. Nxd4 Nfd7 13. Rad1 Nc5 14. Qc2 Nxc4
15. Bc1 Ne6 16. Nde2 Qc7 17. Kh1 Nb6 18. f4 f5 19. exf5 gxf5 20. b3 d5 21. Ba3
Rf7 22. Ng1 d4 23. Nce2 Qd8 24. Nf3 c5 25. Bxc5 Qc7 26. b4 Nd5 27. Qb3 Ne3 28.
Nexd4 Nxf1 29. Bxf1 Nxc5 30. bxc5 Kh8 31. Nb5 Qe7 32. Ng5 Rf8 33. Nd6 Bf6 {#}
34. Ngf7+ Kg7 35. Bc4 Bd7 36. Kh2 Rxf7 37. Nxf7 b5 38. Bxb5 Be6 39. Qf3 Rc8 40.
Nd6 Rxc5 41. a4 Rc2+ 42. Kh1 Rc3 43. Qg2 Kh8 44. Qa8+ Kg7 45. Ne8+ Kh6 46. Nxf6
Qxf6 47. Qg2 a6 48. Bd7 Bb3 49. Rd2 Qe7 50. Kh2 Qe1 51. Bxf5 Re3 52. Rd7 Re7
53. Rd6+ Kg7 54. Qb2+ 1-0

[Event "Grand Prix CCAS 2010"]
[Site "Cap d'Agde"]
[Date "2010.10.27"]
[Round "5.1"]
[White "Palac, Mladen"]
[Black "Inkiov, Ventzislav"]
[Result "1-0"]
[WhiteElo "2561"]
[BlackElo "2485"]
[PlyCount "77"]
[EventDate "2010.??.??"]

1. e4 e5 2. Nf3 Nc6 3. Bb5 f5 4. Nc3 fxe4 5. Nxe4 d5 6. Nxe5 dxe4 7. Nxc6 Qg5
8. Qe2 Nf6 9. Nxa7+ Bd7 10. Bxd7+ Nxd7 11. f4 Qc5 12. Nb5 Qxc2 13. d4 Bb4+ 14.
Kf2 Qxe2+ 15. Kxe2 Ra5 16. Nxc7+ Kf7 17. Be3 Nf6 18. Rhc1 Rf8 19. a4 Rf5 20.
Nb5 Nd5 21. Nc3 Nf6 22. Nb5 Nd5 23. Rc4 Rd8 24. Nc7 Nxe3 25. Kxe3 Bd6 26. g3 g5
27. Kxe4 Kg6 28. Rf1 Rc8 29. Nb5 Re8+ 30. Kd3 Bb8 31. Rc2 gxf4 32. gxf4 Rxf4
33. Rxf4 Bxf4 34. Rf2 Kg5 35. d5 Re3+ 36. Kc4 Re4+ 37. Kd3 Re1 38. Nd4 Kg4 39.
h3+ 1-0

[Event "Grand Prix CCAS 2010"]
[Site "Cap d'Agde"]
[Date "2010.10.27"]
[Round "5.2"]
[White "Bogner, Sebastian"]
[Black "Petrossian, Armen"]
[Result "0-1"]
[WhiteElo "2549"]
[BlackElo "2442"]
[PlyCount "84"]
[EventDate "2010.??.??"]

1. d4 Nf6 2. c4 e6 3. Nf3 d5 4. g3 Bb4+ 5. Bd2 Be7 6. Bg2 O-O 7. O-O Nbd7 8.
Qc2 c6 9. Bf4 Ne4 10. Ne1 f5 11. f3 Nd6 12. Nd2 g5 13. Bxd6 Bxd6 14. e4 e5 15.
cxd5 cxd5 16. exd5 exd4 17. Nd3 Ne5 18. f4 Nxd3 19. Qxd3 gxf4 20. gxf4 b6 21.
Kh1 Qf6 22. Rae1 Bd7 23. Nc4 Bc5 24. Ne5 Rad8 25. Rf3 Kh8 26. Rg3 Bc8 27. Rg5
Rde8 28. Re2 a5 29. Bf3 Rg8 30. Bh5 Ref8 31. Qg3 Rxg5 32. fxg5 Qg7 33. Qf4 Bb7
34. Bf3 Re8 35. Qxf5 Rf8 36. Qg4 Re8 37. Qf4 Rf8 {#} 38. Qg3 Bd6 39. Kg2 d3 40.
Re3 d2 41. Nf7+ Rxf7 42. Qxd6 Qxg5+ 0-1

[Event "Grand Prix CCAS 2010"]
[Site "Cap d'Agde"]
[Date "2010.10.27"]
[Round "5.3"]
[White "Prie, Eric"]
[Black "Chabanon, Jean-Luc"]
[Result "1-0"]
[WhiteElo "2526"]
[BlackElo "2457"]
[PlyCount "81"]
[EventDate "2010.??.??"]

1. d4 Nf6 2. Bf4 c5 3. e3 Nd5 4. Bg3 Qb6 5. Nc3 Nxc3 6. bxc3 d5 7. Rb1 Qa5 8.
Bb5+ Bd7 9. Bxd7+ Nxd7 10. Ne2 b6 11. O-O e6 {#} 12. c4 Qxa2 13. cxd5 Qxd5 14.
Nc3 Qb7 15. d5 Be7 16. dxe6 fxe6 17. Nb5 Rc8 18. Qh5+ Kf8 19. Bd6 Nf6 20. Qe5
Rd8 21. Rfd1 Bxd6 22. Nxd6 Qe7 23. Rd3 Ne8 24. Nxe8 Rxd3 25. cxd3 Qxe8 26. Qc7
h6 27. Qxa7 Kg8 28. Qxb6 Qg6 29. Rd1 Qg4 30. Rc1 Kf7 31. Qxc5 Rd8 32. d4 Rd5
33. Qc2 Kg8 34. h3 Qg5 35. Qc8+ Kh7 36. Qc2+ Kg8 37. Qe4 Qf6 38. Rc8+ Kf7 39.
Qh7 Rd7 40. Qg8+ Kg6 41. Rf8 1-0

[Event "Grand Prix CCAS 2010"]
[Site "Cap d'Agde"]
[Date "2010.10.27"]
[Round "5.4"]
[White "Colovic, Aleksandar"]
[Black "Kosten, Anthony C"]
[Result "1/2-1/2"]
[WhiteElo "2455"]
[BlackElo "2513"]
[PlyCount "53"]
[EventDate "2010.??.??"]

1. d4 Nf6 2. c4 e6 3. Nc3 Bb4 4. Nf3 b6 5. e3 Ne4 6. Qc2 Bb7 7. Bd3 f5 8. O-O
Bxc3 9. bxc3 O-O 10. Nd2 Qh4 11. f3 Nxd2 12. Bxd2 Nc6 13. Be1 Qg5 14. e4 fxe4
15. Bxe4 Qh5 16. Qa4 Qa5 17. Bxc6 Bxc6 18. Qxa5 bxa5 19. Bg3 d6 20. Rfe1 Kf7
21. c5 dxc5 22. dxc5 Rfc8 23. Rab1 Rab8 24. a3 a6 25. Red1 Rb5 26. Rxb5 axb5
27. Be5 1/2-1/2

[Event "Grand Prix CCAS 2010"]
[Site "Cap d'Agde"]
[Date "2010.10.27"]
[Round "5.5"]
[White "Libiszewski, Fabien"]
[Black "Piscopo, Pierluigi"]
[Result "1-0"]
[WhiteElo "2498"]
[BlackElo "2424"]
[PlyCount "63"]
[EventDate "2010.??.??"]

1. e4 c5 2. Nf3 Nc6 3. Nc3 Nf6 4. Bb5 Qc7 5. d3 a6 6. Bxc6 Qxc6 7. Bg5 b5 8.
O-O Bb7 9. Re1 b4 10. Bxf6 Qxf6 11. Nd5 Qd6 12. d4 cxd4 13. Qxd4 e6 14. Rad1
Rg8 {#} 15. Ne5 exd5 16. exd5 O-O-O 17. Nxf7 Qc5 18. Qe5 d6 19. Qf5+ Rd7 20.
Ng5 Qb5 21. Re8+ Kc7 22. Ne6+ Kb6 23. Nxf8 Rc7 24. Nd7+ Rxd7 25. Rxg8 Re7 26.
h3 Re5 27. Qd3 Qc5 28. Qd4 Re1+ 29. Kh2 Rxd1 30. Qxd1 Bxd5 31. Rxg7 Bxa2 32. b3
1-0

[Event "Grand Prix CCAS 2010"]
[Site "Cap d'Agde"]
[Date "2010.10.27"]
[Round "5.6"]
[White "Delorme, Axel"]
[Black "David, Vincent"]
[Result "1/2-1/2"]
[WhiteElo "2475"]
[BlackElo "2421"]
[PlyCount "66"]
[EventDate "2010.??.??"]

1. e4 e6 2. d4 d5 3. Nc3 dxe4 4. Nxe4 Nd7 5. Nf3 Ngf6 6. Nxf6+ Nxf6 7. Be3 Nd5
8. Bd2 c5 9. Bb5+ Bd7 10. Bxd7+ Qxd7 11. c4 Nb6 12. Rc1 Rc8 13. dxc5 Bxc5 14.
b4 Be7 15. c5 Nd5 16. Ne5 Qc7 17. Qa4+ Kf8 18. Nd3 a6 19. O-O h5 20. Qb3 h4 21.
h3 Rh5 22. a4 Rf5 23. b5 axb5 24. axb5 Kg8 25. Qa4 Qd8 26. Rfd1 b6 27. c6 Nc7
28. Be3 Rb8 29. Nc5 Qe8 30. Na6 Rc8 31. Nxc7 Rxc7 32. Qe4 Bc5 33. Bxc5 Rxc5
1/2-1/2

[Event "Grand Prix CCAS 2010"]
[Site "Cap d'Agde"]
[Date "2010.10.27"]
[Round "5.7"]
[White "Hamdouchi, Hicham"]
[Black "Lemeaux, David"]
[Result "1-0"]
[WhiteElo "2592"]
[BlackElo "2223"]
[PlyCount "83"]
[EventDate "2010.??.??"]

1. e4 Nf6 2. e5 Nd5 3. d4 d6 4. c4 Nb6 5. exd6 cxd6 6. d5 N8d7 7. Nc3 g6 8. Nf3
Bg7 9. Be2 Nf6 10. Nd4 e6 11. dxe6 Bxe6 12. Bf4 Nc8 13. Bf3 Qe7 14. O-O O-O 15.
Re1 Qd7 16. Nxe6 fxe6 17. Bg3 Rd8 18. Qe2 Nb6 19. Qxe6+ Qxe6 20. Rxe6 Nxc4 21.
Rxf6 Bxf6 22. Bd5+ Kf8 23. Bxc4 Bxc3 24. bxc3 Rac8 25. Bh4 Re8 26. Bb5 Re5 27.
Bf1 Kf7 28. Rb1 b6 29. c4 Ra5 30. Rb2 d5 31. cxd5 Rxd5 32. g4 Rc1 33. Kg2 Rd4
34. Be2 Ra1 35. Rc2 Ra4 36. Bc4+ Kg7 37. h3 Ra5 38. Rd2 g5 39. Bg3 Rc1 40. Rd7+
Kf6 41. Bb3 Kg6 42. h4 1-0

[Event "Grand Prix CCAS 2010"]
[Site "Cap d'Agde"]
[Date "2010.10.27"]
[Round "5.8"]
[White "Collas, Silvia"]
[Black "Bauer, Christian"]
[Result "0-1"]
[WhiteElo "2320"]
[BlackElo "2622"]
[PlyCount "84"]
[EventDate "2010.??.??"]

1. d4 d5 2. Nf3 c6 3. c4 dxc4 4. e3 Be6 5. a4 Nf6 6. Na3 Bd5 7. Nxc4 e6 8. Be2
c5 9. O-O Nc6 10. b3 Be7 11. Bb2 O-O 12. Nfe5 Nb4 13. Nd3 cxd4 14. Nxb4 Bxb4
15. Qxd4 Be4 16. Qe5 Bc2 17. Bd4 Qe7 18. Na5 Bd6 19. Qb5 e5 20. Bb2 Be4 21. Bf3
a6 22. Qe2 Bf5 23. Bxb7 Ra7 24. e4 Bg4 25. f3 Be6 26. Bd5 Rc7 27. Bxe6 Qxe6 28.
Nc4 Bc5+ 29. Kh1 Nh5 30. Bxe5 Rc6 31. Rad1 {#} Qxe5 32. g4 Ng3+ 33. Kg2 Nxe2
34. Nxe5 Rd6 35. Rxd6 Bxd6 36. Nc4 Nf4+ 37. Kf2 Bc5+ 38. Kg3 Ne2+ 39. Kg2 Rd8
40. f4 Rd3 41. Rf3 Rxf3 42. Kxf3 Nd4+ 0-1

[Event "Grand Prix CCAS 2010"]
[Site "Cap d'Agde"]
[Date "2010.10.27"]
[Round "5.9"]
[White "Chanoine, Guillaume"]
[Black "Tregubov, Pavel V"]
[Result "0-1"]
[WhiteElo "2311"]
[BlackElo "2598"]
[PlyCount "76"]
[EventDate "2010.??.??"]

1. e4 c5 2. Nf3 e6 3. d4 cxd4 4. Nxd4 Nc6 5. Nc3 a6 6. Be2 Qc7 7. f4 Nxd4 8.
Qxd4 b5 9. Bf3 Bb7 10. Be3 Rc8 11. a3 h5 12. O-O Nf6 13. h3 h4 14. e5 Nh5 15.
Ne4 Bxe4 16. Bxe4 Bc5 17. Qxc5 Qxc5 18. Bxc5 Rxc5 19. Bd3 Ke7 20. b4 Rd5 21.
Be4 Rd4 22. Bb7 Rb8 23. Bf3 Nxf4 24. Rfd1 Rxd1+ 25. Rxd1 Rc8 26. Rd6 Rxc2 27.
Rxa6 Nd3 28. Ra5 Ra2 29. Rxb5 Rxa3 30. Kf1 Ra4 31. Be4 Nxb4 32. g4 Na2 33. Bf3
Nc3 34. Rc5 Ne4 35. Bxe4 Rxe4 36. Kf2 Rd4 37. Rc3 f6 38. exf6+ Kxf6 0-1

[Event "Grand Prix CCAS 2010"]
[Site "Cap d'Agde"]
[Date "2010.10.27"]
[Round "5.10"]
[White "Toulzac, Pierre-Yves"]
[Black "Cornette, Matthieu"]
[Result "0-1"]
[WhiteElo "2255"]
[BlackElo "2534"]
[PlyCount "72"]
[EventDate "2010.??.??"]

1. d4 Nf6 2. c4 g6 3. Nc3 d5 4. Nf3 Bg7 5. Bg5 Ne4 6. cxd5 Nxg5 7. Nxg5 e6 8.
Nf3 exd5 9. b4 O-O 10. e3 c6 11. Qb3 Be6 12. Na4 Nd7 13. Rc1 b5 14. Nb2 Rc8 15.
Be2 Nb6 16. a4 a6 17. O-O Bf5 18. Ra1 Ra8 19. Ra2 Qe7 20. Rfa1 Rfb8 21. axb5
axb5 22. Ra6 Rxa6 23. Rxa6 Qb7 24. Ra2 Ra8 25. Ne1 Ra7 26. g4 Bc8 27. Ned3 Qa8
28. Nc1 Bf8 29. Nbd3 Bd6 30. Qc2 Nc4 31. Rxa7 Qxa7 32. Nc5 Qe7 33. Kg2 {#} Qxe3
34. Bxc4 Qf4 35. Be2 Qxh2+ 36. Kf3 Qh3# 0-1

[Event "Grand Prix CCAS 2010"]
[Site "Cap d'Agde"]
[Date "2010.10.28"]
[Round "6.1"]
[White "Libiszewski, Fabien"]
[Black "Palac, Mladen"]
[Result "0-1"]
[WhiteElo "2498"]
[BlackElo "2561"]
[PlyCount "54"]
[EventDate "2010.??.??"]

1. e4 c5 2. Nf3 d6 3. Bb5+ Nd7 4. O-O a6 5. Bxd7+ Bxd7 6. d4 cxd4 7. Qxd4 Rc8
8. Bg5 Qc7 9. Nc3 e5 10. Qe3 Be6 11. Rfd1 h6 12. Bh4 Qc5 13. Qd3 g5 14. Bg3 Nf6
15. Nd5 Bxd5 16. exd5 Bg7 17. c3 Qb5 18. Qxb5+ axb5 19. a4 bxa4 20. Rxa4 Rc5
21. Ra7 Rb5 {#} 22. c4 Rxb2 23. c5 Ne4 24. cxd6 f6 25. Ne1 Nxd6 26. Nd3 Rb5 27.
Rc1 O-O 0-1

[Event "Grand Prix CCAS 2010"]
[Site "Cap d'Agde"]
[Date "2010.10.28"]
[Round "6.2"]
[White "Petrossian, Armen"]
[Black "Prie, Eric"]
[Result "1-0"]
[WhiteElo "2442"]
[BlackElo "2526"]
[PlyCount "117"]
[EventDate "2010.??.??"]

1. e4 d5 2. exd5 Qxd5 3. Nc3 Qa5 4. d4 Nf6 5. Nf3 Bf5 6. Ne5 c6 7. Bd3 Bxd3 8.
Qxd3 Nbd7 9. Nxd7 Nxd7 10. O-O e6 11. Bf4 Be7 12. Rfe1 Nf6 13. Be5 O-O-O 14. a3
Ng4 15. Qg3 Nxe5 16. dxe5 g6 17. b4 Qc7 18. Ne4 Rd5 19. f4 g5 20. Nxg5 Rg8 21.
c4 Rd2 22. Qe3 Qd8 {#} 23. Nf3 Rdxg2+ 24. Kh1 c5 25. Rad1 Qf8 26. Rg1 Rxg1+ 27.
Rxg1 Rxg1+ 28. Qxg1 Qh6 29. Qg8+ Kd7 30. Qb8 Qxf4 31. Qxb7+ Ke8 32. Qc8+ Bd8
33. Qc6+ Kf8 34. Qxc5+ Be7 35. Qc8+ Kg7 36. Qb7 Bd8 37. c5 Qc1+ 38. Kg2 Qxa3
39. Qd7 Qa2+ 40. Kg3 Qd5 41. Qxd5 exd5 42. Kf4 Kf8 43. Nd4 a6 44. Nc6 Bc7 45.
Ke3 f6 46. Kd4 fxe5+ 47. Nxe5 a5 48. b5 a4 49. b6 Bd8 50. Nc6 a3 51. Nb4 Ke8
52. Kxd5 Bg5 53. Kc6 Be3 54. Nd5 a2 55. b7 a1=Q 56. b8=Q+ Kf7 57. Qc7+ Kg6 58.
Nxe3 Qa4+ 59. Kb7 1-0

[Event "Grand Prix CCAS 2010"]
[Site "Cap d'Agde"]
[Date "2010.10.28"]
[Round "6.3"]
[White "Bauer, Christian"]
[Black "Delorme, Axel"]
[Result "1-0"]
[WhiteElo "2622"]
[BlackElo "2475"]
[PlyCount "81"]
[EventDate "2010.??.??"]

1. Nf3 d5 2. g3 Nc6 3. Bg2 e5 4. d3 g6 5. c4 d4 6. O-O Bg7 7. Na3 Nge7 8. Nc2
a5 9. b3 O-O 10. a3 b6 11. Rb1 Bb7 12. b4 Qc8 13. b5 Nd8 14. a4 Ne6 15. Ba3 Re8
16. e3 dxe3 17. Nxe3 e4 18. dxe4 Bxe4 19. Rb2 Qb7 20. Rd2 Rad8 21. Bxe7 Rxd2
22. Nxd2 Bxg2 23. Nxg2 Rxe7 24. Ne3 Nd4 25. h4 c6 26. Nf3 Nxf3+ 27. Qxf3 cxb5 {
#} 28. Nd5 bxa4 29. Nxe7+ Qxe7 30. Qc6 Qb4 31. c5 bxc5 32. Qe8+ Bf8 33. Rd1 c4
34. Rd7 Qb1+ 35. Kg2 Qf5 36. Rd8 Qc5 37. Rc8 Qd5+ 38. Kh2 Qd6 39. Qxa4 Qd4 40.
Kg1 Qd5 41. Qa3 1-0

[Event "Grand Prix CCAS 2010"]
[Site "Cap d'Agde"]
[Date "2010.10.28"]
[Round "6.5"]
[White "Inkiov, Ventzislav"]
[Black "Hamdouchi, Hicham"]
[Result "1-0"]
[WhiteElo "2485"]
[BlackElo "2592"]
[PlyCount "61"]
[EventDate "2010.??.??"]

1. d4 Nf6 2. c4 c5 3. d5 e6 4. Nc3 exd5 5. cxd5 d6 6. e4 g6 7. f4 Bg7 8. e5
Nfd7 9. Nb5 dxe5 10. Nd6+ Ke7 11. Nxc8+ Qxc8 12. Nf3 Re8 13. f5 Nf6 14. fxg6
hxg6 15. Ng5 Kf8 16. Bc4 b5 17. Bxb5 Nbd7 18. O-O Kg8 19. d6 Rf8 20. Qe1 Rb8
21. Bc4 Qc6 22. b3 Qxd6 23. Be3 Qe7 24. Qh4 Rb4 25. Rad1 Rxc4 26. bxc4 Rc8 27.
Ne4 Rc6 28. Bg5 Qe6 29. Bxf6 Bxf6 30. Nxf6+ Nxf6 {#} 31. Rxf6 1-0

[Event "Grand Prix CCAS 2010"]
[Site "Cap d'Agde"]
[Date "2010.10.28"]
[Round "6.6"]
[White "Cornette, Matthieu"]
[Black "David, Vincent"]
[Result "1/2-1/2"]
[WhiteElo "2534"]
[BlackElo "2421"]
[PlyCount "37"]
[EventDate "2010.??.??"]

1. d4 d5 2. c4 dxc4 3. Nf3 e6 4. e3 a6 5. Bxc4 c5 6. O-O Nf6 7. Nc3 b5 8. Bb3
Bb7 9. e4 cxd4 10. Nxd4 Nc6 11. Be3 Nxd4 12. Bxd4 Be7 13. e5 Nd5 14. f4 Nxc3
15. bxc3 g6 16. Qe2 Qd7 17. a4 O-O 18. Qg4 Be4 19. Rfe1 1/2-1/2

[Event "Grand Prix CCAS 2010"]
[Site "Cap d'Agde"]
[Date "2010.10.28"]
[Round "6.7"]
[White "Kosten, Anthony C"]
[Black "Philippe, Christophe"]
[Result "1-0"]
[WhiteElo "2513"]
[BlackElo "2417"]
[PlyCount "107"]
[EventDate "2010.??.??"]

1. c4 f5 2. Nc3 Nf6 3. g3 g6 4. Bg2 Bg7 5. e3 O-O 6. Nge2 d6 7. b3 e5 8. Bb2 c6
9. f4 Be6 10. d3 Nbd7 11. Qd2 Qc7 12. Ba3 Rfe8 13. O-O Bf7 14. Rae1 Rad8 15. h3
Nf8 16. Bb2 Ne6 17. e4 Nd4 18. Nxd4 exd4 19. Nd1 c5 20. Nf2 a6 21. g4 fxe4 22.
Nxe4 Nxe4 23. Bxe4 b5 24. Qg2 bxc4 25. bxc4 Rb8 26. Bc1 Rb1 27. Bd5 Rxe1 28.
Rxe1 Bf8 29. f5 Bxd5 30. Qxd5+ Qf7 31. fxg6 Qxd5 32. gxh7+ Kxh7 33. cxd5 c4 34.
h4 c3 35. Kf2 Rb5 36. h5 Rxd5 37. Re8 Bg7 38. g5 Rf5+ 39. Kg2 Bf8 40. Rc8 Kg7
41. Rc7+ Kg8 42. Kg3 Rf1 43. Bf4 d5 44. Rc8 Kf7 45. Kg4 Rf2 46. g6+ Ke7 47.
Bg5+ Kd7 {#} 48. Rxf8 Rxf8 49. g7 Rg8 50. h6 c2 51. Kf5 Re8 52. h7 Re3 53. g8=Q
c1=Q 54. Qd8+ 1-0